I brought you my bullets, you brought me your love - MCR - Statistics

General Stats
  • This quiz has been taken 21 times
  • The average score is 10 of 11
Answer Stats
Answer % Correct
This Is the Best Day Ever
100%
Cubicles
90%
Demolition Lovers
90%
Vampires Will Never Hurt You
90%
Early Sunsets Over Monroeville
90%
Headfirst for Halos
90%
Honey, This Mirror Isn't Big Enough for the Two of Us
90%
Our Lady of Sorrows
90%
Drowning Lessons
80%
Romance
80%
Skylines and Turnstiles
80%
No matching quizzes found
Score Distribution
Percent of People with Each Score
Percentile by Number Answered
Your Score History
You have not taken this quiz